[Event "Schleswig-Holstein-ch Basis"]
[Site "Buesum"]
[Date "2010.03.31"]
[Round "7"]
[White "Nielsen, Claudia"]
[Black "Ketelsen, Herbert"]
[Result "0-1"]
[WhiteElo "1062"]
[BlackElo "1453"]
[PlyCount "80"]
[EventDate "2010.03.27"]
[EventType "swiss"]
[EventRounds "9"]
[EventCountry "GER"]
[SourceTitle "EXT 2023"]
[Source "ChessBase"]
[SourceDate "2022.10.05"]
[SourceVersion "1"]
[SourceVersionDate "2022.10.05"]
[SourceQuality "1"]

1. e4 e5 2. Nf3 d6 3. Bc4 Be7 4. 0-0 Nf6 5. d3 Bg4 6. Nbd2 Nc6 7. h3 Bh5 8. c3 a6 9. b4 0-0 10. Qb3 Rc8 11. Ng5 b5 12. Be6 Nd7 13. Ndf3 fxe6 14. Nxe6 Bf7 15. h4 Qe8 16. d4 Nd8 17. d5 Nb6 18. Nxf8 Qxf8 19. Bg5 Nc4 20. Rad1 Bh5 21. Rd3 Bxg5 22. Nxg5 h6 23. Ne6 Nxe6 24. dxe6 Be2 25. Qc2 Bxf1 26. Kxf1 Qe7 27. Qe2 Qxh4 28. Rh3 Qe7 29. Qg4 Qf6 30. Kg1 Re8 31. Rg3 Rxe6 32. Qf3 Qxf3 33. Rxf3 Rf6 34. Rxf6 gxf6 35. f3 Ne3 36. Kf2 Nd1+ 37. Kg3 Nxc3 38. Kh4 Nxa2 39. g4 Nxb4 40. Kh5 Kg7 0-1

[Event "Schleswig-Holstein-ch Basis"]
[Site "Buesum"]
[Date "2010.03.29"]
[Round "3"]
[White "Nielsen, Claudia"]
[Black "Pommerenke, Uwe"]
[Result "0-1"]
[WhiteElo "1062"]
[BlackElo "1187"]
[PlyCount "118"]
[EventDate "2010.03.27"]
[EventType "swiss"]
[EventRounds "9"]
[EventCountry "GER"]
[SourceTitle "EXT 2023"]
[Source "ChessBase"]
[SourceDate "2022.10.05"]
[SourceVersion "1"]
[SourceVersionDate "2022.10.05"]
[SourceQuality "1"]

1. d4 d5 2. c4 e5 3. Nf3 Nc6 4. Nc3 Bb4 5. Bd2 f6 6. Nxd5 Bxd2+ 7. Qxd2 Be6 8. e4 exd4 9. Nxd4 Nxd4 10. Qxd4 c6 11. Rd1 cxd5 12. cxd5 Bd7 13. Be2 Qa5+ 14. Rd2 Ne7 15. 0-0 0-0 16. Bc4 Kh8 17. Rc2 Bb5 18. b3 Bxc4 19. bxc4 Rac8 20. c5 Rfd8 21. g3 Kg8 22. d6 Nc6 23. Qd5+ Kf8 24. Rb2 b6 25. d7 Qxc5 26. Rd2 Rc7 27. Rfd1 Qxd5 28. Rxd5 Nb8 29. Rf5 Ke7 30. e5 Rcxd7 31. exf6+ gxf6 32. Re1+ Kf7 33. Kg2 Nc6 34. g4 Rd5 35. Rf4 h6 36. h4 Rd4 37. Rfe4 Rxe4 38. Rxe4 Rd4 39. f3 Rxe4 40. fxe4 Ne5 41. Kg3 a5 42. Kf4 Kg6 43. h5+ Kg7 44. Kf5 b5 45. g5 hxg5 46. h6+ Kxh6 47. Kxf6 g4 48. Kxe5 g3 49. Kf6 g2 50. e5 g1Q 51. e6 Qg7+ 52. Kf5 Qg6+ 53. Ke5 Kg7 54. Kd6 Qf6 55. Kd7 Kf8 56. a3 b4 57. axb4 axb4 58. e7+ Qxe7+ 59. Kc6 b3 0-1